Sports Quiz

Random Sports or MLB Quiz

MLB RBI Leaders (Career) Quiz Stats

 Plays Quiz Updated Oct 1, 2019

Score 0/20 Timer 06:00
4 Plays Today
RBIs Player % Correct
2214Babe Ruth
96.6%
1996Barry Bonds
92.9%
2297Hank Aaron
92.1%
1903Willie Mays
81.2%
1839Ted Williams
77.2%
1995Lou Gehrig
75.9%
2086Alex Rodriguez
69.2%
1944Ty Cobb
61.5%
1831Manny Ramirez
61.1%
1951Stan Musial
56.4%
RBIs Player % Correct
1922Jimmie Foxx
55.2%
1836Ken Griffey Jr
52.7%
2075*Albert Pujols
51.1%
1828Al Simmons
45.6%
1917Eddie Murray
43.3%
1860Mel Ott
41.4%
1844Carl Yastrzemski
34.6%
1835Rafael Palmeiro
34.2%
2075Cap Anson
28.1%
1833Dave Winfield
21.4%

You're not logged in!

Compare scores with friends on all Sporcle quizzes.
OR
Log In

Sporcle TV

Today on Sporcle TV


Watch our educational content, quiz creation guides, and fun videos on Sporcle TV.

Show Comments

Extras

Top Quizzes Today


Score Distribution

Your Account Isn't Verified!

In order to create a playlist on Sporcle, you need to verify the email address you used during registration. Go to your Sporcle Settings to finish the process.

Report this User

Report this user for behavior that violates our Community Guidelines.

Details: